1861 1284 1151 1567 1109 1675 1954 1103 1872 1361 1976 1424 1534 1838 1953 1026 1172 1816 1698 1093 1128 1255 1531 1826 1802 1997 1504 1300 1615 1268 1403 1380 1605 1900 1579 1109 1762 1790 1725 1695 1802 1303 1111 1343 1742 1294 1906 1721 1872 1814 1613 1158 1288 1668 1563 1540 1054 1670 1447 1893 1624 1333 1862 1041 1674 1183 1778 1662 1289 1079 1693 1216 1463 1914 1899 1098 1993 1053 1485 1586 1949 1445 1110 1792 1436 1251 1491 1876 1352 1864 1595 1774 1393 1441 1921 1036 1797 1595 1588 BCNSPRNW ULIB Ver.6.0+V

เปลี่ยนเป็นภาษาไทย

Change to English
 แสดงรายละเอียดบรรณานุกรม
  กลับหน้าหลัก

Brief Record : Get Marc (ISO 2709) : E-mail record : QR code < ปิดหน้าต่าง
LEADER : 00000nam 2200000uu 4500
001    13399126839
003     ULIB
008    020711s2560 th a 000 0 tha d
060    วจ^aWB176^bจ631ก
100    ^aจุฑารัตน์ สว่างชัย และศรีสุดา งามขำ
245    ^aการศึกษาความปวดของผู้ป่วยหลังผ่าตัดช่องท้องโรงพยาบาลสวรรค์ประชารักษ์ : A Study of Pain in Patients After Abdominal Surgery, Sawanprarak Hospital.
260    ^aนครสวรรค์ :^bวิทยาลัยพยาบาลบรมราชชนนีสวรรค์ประชารักษ์ นครสวรรค์,^c2560
300    ^a44 หน้า;^b30 ซม.
650    ^aความปวด^xผ่าตัด
710    ^aวิทยาลัยพยาบาลบรมราชชนนี สวรรค์ประชารักษ์ นครสวรรค์ สถาบันพระบรมราชชนก สำนักงานปลัดกระทรวงสาธารณสุข
945    ^p0^l0^i005498
999    ^aประนอม เกษจรัล
รายการนี้ยังไม่มีแท็ก
คุณยังไม่ได้ล็อกอิน คุณสามารถมีกิจกรรมร่วมกับเว็บไซต์ได้ แต่ต้องล็อกอินก่อน ::
  ล็อกอิน

รายการสื่อสารสนเทศ

ลำดับที่ ประเภท เลขเรียก/บาร์โค้ด สถานที่ สถานะ
1. วิทยาศาสตร์การแพทย์ และสุขภาพ
วิทยาศาสตร์การแพทย์ และสุขภาพ
วจ WB176 จ631ก ฉ.1 
  Barcode: 005498
ห้องสมุดวิทยาเขตสวรรค์ประชารักษ์
►หนังสือทั่วไป
บนชั้น

BibComment


ยังไม่เคยถูกคอมเมนท์

คอมเมนท์ทรัพยากรรายการนี้
  คอมเมนท์: การศึกษาความปวดข..


 Copyright 2026. Bcnsprnw @Library